| 000 | 01651cam a2200469 b4500 | ||
|---|---|---|---|
| 999 |
_c23491 _d23491 |
||
| 001 | vtls011577854 | ||
| 005 | 20221013125947.0 | ||
| 008 | 210624s2016 xo gr 000 fdslo | ||
| 020 |
_a9788081593734 _q(viazané) |
||
| 035 | _a1D8C9784-387C-4CA8-B746-D5740D7AD77D | ||
| 035 | _aurn:nbn:sk:snk-am3ict9 | ||
| 035 | _aurn:nbn:sk:snk-am00e3pk | ||
| 040 |
_aPPPK _bslo _cPPPK _dSNK _erda |
||
| 041 | 1 |
_aslo _hnor |
|
| 044 |
_axo _cSK |
||
| 072 | 7 |
_a821.11 _xGermánske literatúry _2konspekt |
|
| 080 |
_a821.113.4-31 _22011 |
||
| 080 |
_a(0:82-312.4) _22011 |
||
| 100 | 1 |
_aSveen, Gard, _d1969- _4aut _93722 |
|
| 240 | 1 | 0 |
_aHelvete apent _lSlovensky |
| 245 | 1 | 0 |
_aPeklo je otvorené _cGard Sveen ; z nórčiny preložila Zuzana Demjánová |
| 246 | 1 |
_i2. zväzok série: _aTommy Bergmann |
|
| 250 | _aPrvé vydanie | ||
| 264 | 1 |
_a[Bratislava] _bPremedia _c2016 |
|
| 300 |
_a353 strán _c21 cm |
||
| 336 |
_atext _btxt _2rdacontent |
||
| 337 |
_abez média _bn _2rdamedia |
||
| 338 |
_azväzok _bnc _2rdacarrier |
||
| 490 | 1 |
_aLabyrint _v21. zväzok |
|
| 500 | _aNa obálke: Od autora severskej detektívky roku 2014 | ||
| 500 | _aObsahuje biografické údaje o autorovi na prebale publikácie | ||
| 500 | _aMiesto vydania podľa NA ISBN | ||
| 500 | _aÚdaje o sérií prevzaté z 3. dielu série | ||
| 655 | 7 |
_anórske romány _2SNKPH _92134 |
|
| 655 | 7 |
_adetektívne romány _2SNKPH _91710 |
|
| 655 | 7 |
_aNorwegian fiction _2SNKPHeng _92136 |
|
| 655 | 7 |
_aDetective novels _2SNKPHeng _91711 |
|
| 700 | 1 |
_aDemjánová, Zuzana, _d1977 _4trl _93662 |
|
| 700 | 1 |
_aSveen, Gard, _d1969- _tPosledný pútnik _93723 |
|
| 958 | _aLX | ||
| 958 | _aUP | ||